| 000 | 00521nam a2200169 i 4500 | ||
|---|---|---|---|
| 001 | 147119 | ||
| 003 | ES-MaACL | ||
| 005 | 20230906201816.0 | ||
| 007 | t| | ||
| 008 | 070921s1963 xxu ||||1| eng d | ||
| 100 | 1 |
_aTwain, Mark. _9111791 |
|
| 245 | 1 | 0 |
_aA collection of critical essays / _cMark Twain ; edited by Henry Nash Smith. |
| 260 |
_aEnglewood Cliffs : _bPrentice-Hall, _c[1963] ( _fs.i.) |
||
| 300 |
_a179 p., 5 h. ; _c21 cm. |
||
| 700 | 1 |
_aSmith, Henri Nash. _9106881 |
|
| 852 |
_aES-MaACL _jC-34717 _bR.66057 |
||
| 999 |
_c147119 _d147119 |
||